000 00734cab a2200241 4500
001 ABS55023
008 090401t1996 xxu||||| |||| 00| 0 eng d
035 _a(Sirsi) u13655
041 _aeng
100 _aSachs, J.
245 _aNo axe to grind
260 _c1996
350 _a0
490 _aEstates Gazette
_v(9616) 20 April 1996, 110(1)
520 _aIn the light of "Abbey National Mortgages plc v Key Surveyors Nationwide Ltd" examines the role and value of the independent court expert.
650 _aABBEY NATIONAL MORTGAGES PLC V KEY SURVEYORS NATIONWIDE LTD
650 _aCOURT EXPERT
650 _aEXPERT WITNESS
_96239
650 _aINDEPENDENT EXPERT
690 _aLAW
942 _n0
948 _c04/03/1997
999 _c8790
_d8790